आणि त्या दिवशी माझा मृत्यू झाला (Record no. 364927)

MARC details
000 -LEADER
fixed length control field 00655 a2200157 4500
005 - DATE AND TIME OF LATEST TRANSACTION
control field 20250514150307.0
008 - FIXED-LENGTH DATA ELEMENTS--GENERAL INFORMATION
fixed length control field 250514b |||||||| |||| 00| 0 eng d
020 ## - INTERNATIONAL STANDARD BOOK NUMBER
International Standard Book Number 9788184154306
041 ## - LANGUAGE CODE
Language code of text/sound track or separate title Marathi
100 ## - MAIN ENTRY--PERSONAL NAME
Author Moorjani A.
245 ## - TITLE STATEMENT
Title आणि त्या दिवशी माझा मृत्यू झाला
Remainder of title : कंँन्सर पासून मृत्यूपर्यंत आणि मृत्युपासून पुनर्जीवानापर्यंत माझा प्रवास
260 ## - PUBLICATION, DISTRIBUTION, ETC.
Name of publisher, distributor, etc. Wow Publishing
Date of publication, distribution, etc. 2012
300 ## - PHYSICAL DESCRIPTION
Extent 240
700 ## - ADDED ENTRY--PERSONAL NAME
Personal name Kulkarni N. (TRA)
942 ## - ADDED ENTRY ELEMENTS (KOHA)
Koha item type Books
Holdings
Withdrawn status Lost status Source of classification or shelving scheme Damaged status Not for loan Home library Current library Date acquired Vendor Net Price Total Checkouts Full call number Barcode Date due Date last seen Date last checked out Actual Price Bill Date Koha item type
    Dewey Decimal Classification     Cummins College of Engineering for Women Pune Cummins College of Engineering for Women Pune 04/02/2025 63 220.00 3 891.463 MUR CCEP-BK-68099 07/07/2026 08/01/2026 08/01/2026 275.00 04/02/2025 Books